00653nam a2200193Ia 4500008004100000020001800041082001800059100002000077245003700097250000700134260004600141300002300187500001900210600003300229650002600262942000700288952014700295999001700442240925s9999 xx 000 0 und d a9780199064380 a954.91053 LOD aNot - Available 0aPakistan Beyond the Crisis State aNA aKarachi:bOxford University Pressc,2011. a352p.b0fOriginal aIncludes Index aHumanities & Natural Science aHistory and Geography cBK 001040708HUMaUITUbUITUd2017-03-27eRoyal Book Companyg695.00l1o954.91053 LODpQ11203r2026-01-09 11:15:06s2026-01-05w2024-09-25yBK c13702d13702